000 00401nam a22001577a 4500
082 _a510.2462
_bEVA
_cL-39, P-166
100 _aEvans, C.W
_938960
245 _aEngineering Mathematics
250 _a3rd ed.
260 _aUK
_bChapman & Hall
_c1997
300 _axviii, 783-p
526 _a0
_b1
_c0
_d510_246200000000000_EVA
650 _aMCE
_9379
700 _aC. W. Evans
_938961
942 _2ddc
_cBK
999 _c543561
_d543561